Normal view MARC view
  • Divekar R

Entry Personal Name

Number of records used in: 7

001 - CONTROL NUMBER

  • control field: 169276

003 - CONTROL NUMBER IDENTIFIER

  • control field: OSt

005 - DATE AND TIME OF LATEST TRANSACTION

  • control field: 20230313130341.0

008 - FIXED-LENGTH DATA ELEMENTS

  • fixed length control field: 230313|| aca||aabn | a|a d

040 ## - CATALOGING SOURCE

  • Original cataloging agency: OSt
  • Transcribing agency: OSt

100 ## - HEADING--PERSONAL NAME

  • Personal name: Divekar R

670 ## - SOURCE DATA FOUND

  • Source citation: Work cat.: (OSt)129976: Divekar R., Don't Lose Your Mind Lose Your Weight, 2009